00750nam a2200241Ia 4500008004000000020001500040041000800055082001600063100002000079245006800099260004800167650001500215650001400230650000700244650001100251650001600262650001400278650001500292690001500307906001100322999001900333952015600352210210b2006 xxu||||| |||| 00| 0 eng d a8130904365 aeng a302.23 KUMP aKUMAR (Krishna) aPromoting independent media: strategies of democracy assistance aNew DelhibViva Books Private Limitedc2006 astrategies aPromoting aof amedia: aindependent ademocracy aassistance aJournalism a064097 c139567d139567 001040708JournalismaALbALcSociologyd2021-02-17eViva Books Pvt Ltd, Bangaloreg0.00l0o302.23 KUMPp064097r2021-02-17 00:00:00w2021-02-17yBK